Medical services, diseases of the war / (Record no. 553408)

000 -LEADER
fixed length control field 00671cam a22001811i 4500
082 ## - DEWEY DECIMAL CLASSIFICATION NUMBER
Classification number 940.47
Author Mark MED
100 1# - MAIN ENTRY--PERSONAL NAME
Personal name MacPherson, William Grant,
9 (RLIN) 50604
245 10 - TITLE STATEMENT
Title Medical services, diseases of the war /
Statement of responsibility, etc. edited by Sir W.G. Macpherson, Sir W.P. Herringham, T.R. Elliott, and A. Balfour.
260 ## - PUBLICATION, DISTRIBUTION, ETC.
Place of publication, distribution, etc. London :
Name of publisher, distributor, etc. H.M.S.O.,
Date of publication, distribution, etc. 1922-1923.
300 ## - PHYSICAL DESCRIPTION
Extent 2 v. :
Other physical details ill. ;
Dimensions 23 cm.
526 ## - STUDY PROGRAM INFORMATION NOTE
Program name 0
Interest level 0
Reading level 0
Title point value 940_470000000000000_MED
650 #0 - SUBJECT ADDED ENTRY--TOPICAL TERM
Topical term or geographic name entry element MCE
9 (RLIN) 379
650 #0 - SUBJECT ADDED ENTRY--TOPICAL TERM
Topical term or geographic name entry element World War, 1914-1918
General subdivision Medical and sanitary affairs.
9 (RLIN) 50605
700 1# - ADDED ENTRY--PERSONAL NAME
Personal name Balfour, Andrew,
9 (RLIN) 50648
700 1# - ADDED ENTRY--PERSONAL NAME
Personal name Elliott, Thomas Renton,
9 (RLIN) 50649
700 1# - ADDED ENTRY--PERSONAL NAME
Personal name Herringham, Wilmot Parker,
9 (RLIN) 50650
942 ## - ADDED ENTRY ELEMENTS (KOHA)
Source of classification or shelving scheme
Koha item type Book
Holdings
Withdrawn status Lost status Source of classification or shelving scheme Damaged status Not for loan Permanent Location Current Location Shelving location Date acquired Total Checkouts Full call number Barcode Date last seen Price effective from Koha item type
          Military College of Engineering (MCE) Military College of Engineering (MCE)   02/09/2015   940.47 MED MCE-ECO/38 02/09/2015 02/09/2015 Book
© 2023 Central Library, National University of Sciences and Technology. All Rights Reserved.